| 000 | 00410nam a2200133Ia 4500 | ||
|---|---|---|---|
| 008 | 180705s9999 xx 000 0 und d | ||
| 020 | _a9789812533081 | ||
| 100 | _aGoeldner, Charles R. | ||
| 245 |
_cCharles R. Goeldner, Brent J.R. Ritchie. _aTOURISM: _bPrinciples, Practices, Philosophies / |
||
| 250 | _a11th ed | ||
| 260 |
_aCanada: _bJohn Wiley&Sons: _c2009 |
||
| 300 | _avi, 624 pages | ||
| 650 | _aTourism. | ||
| 999 |
_c358141 _d358141 |
||